Balūcon̲ ke rūmān. (Record no. 71030)
[ view plain ]
| 000 -LEADER | |
|---|---|
| fixed length control field | 00544cam a22002171 4500 |
| 001 - CONTROL NUMBER | |
| control field | sa 66007236 |
| 003 - CONTROL NUMBER IDENTIFIER | |
| control field | DLC |
| 005 - DATE AND TIME OF LATEST TRANSACTION | |
| control field | 20260227112302.0 |
| 008 - FIXED-LENGTH DATA ELEMENTS--GENERAL INFORMATION | |
| fixed length control field | 890628s1962 pk 000 1 urdr |
| 010 ## - LIBRARY OF CONGRESS CONTROL NUMBER | |
| LC control number | sa 66007236 |
| 035 ## - SYSTEM CONTROL NUMBER | |
| System control number | (OCoLC)19945870 |
| 040 ## - CATALOGING SOURCE | |
| Original cataloging agency | DLC |
| Transcribing agency | WaU |
| Modifying agency | DLC |
| 050 00 - LIBRARY OF CONGRESS CALL NUMBER | |
| Classification number | GR304.B3 |
| Item number | Q5 |
| 100 1# - MAIN ENTRY--PERSONAL NAME | |
| Personal name | Qizilbāsh, Anjum. |
| 245 10 - TITLE STATEMENT | |
| Title | Balūcon̲ ke rūmān. |
| 260 ## - PUBLICATION, DISTRIBUTION, ETC. | |
| Date of publication, distribution, etc. | [1962] |
| 300 ## - PHYSICAL DESCRIPTION | |
| Extent | 157 p. |
| Dimensions | 18 cm. |
| 500 ## - GENERAL NOTE | |
| General note | In Urdu. |
| 650 #0 - SUBJECT ADDED ENTRY--TOPICAL TERM | |
| Topical term or geographic name entry element | Baluchi (Southwest Asian people) |
| General subdivision | Folklore. |
| 650 #0 - SUBJECT ADDED ENTRY--TOPICAL TERM | |
| Topical term or geographic name entry element | Tales |
| Geographic subdivision | Pakistan. |
No items available.